Anatomía y ultraestructura de veinte especies maderables de importancia comercial en Costa Rica
Guardat en:
| Autor principal: | |
|---|---|
| Altres autors: | , |
| Format: | Llibre |
| Publicat: |
[San José, Costa Rica] : Universidad de Costa Rica, Facultad de Ingeniería, Instituto de Investigaciones en Ingeniería, Laboratorio de Productos Forestales
1997
|
| Etiquetes: |
Afegir etiqueta
Sense etiquetes, Sigues el primer a etiquetar aquest registre!
|
MARC
| LEADER | 00000nam a2200000Ia 4500 | ||
|---|---|---|---|
| 003 | PI0022 | ||
| 005 | 20240418153218.0 | ||
| 008 | 140116s1994 c a 000 ||s d | ||
| 040 | |c cru CEDI | ||
| 090 | |a PI-22 | ||
| 100 | |a Carpio Malavassi, Isabel María, 1954- |9 1705 | ||
| 245 | |a Anatomía y ultraestructura de veinte especies maderables de importancia comercial en Costa Rica | ||
| 260 | |a [San José, Costa Rica] : Universidad de Costa Rica, Facultad de Ingeniería, Instituto de Investigaciones en Ingeniería, Laboratorio de Productos Forestales |c 1997 | ||
| 700 | |a Arroyo, Olga |9 2957 | ||
| 700 | |a Sánchez Chacón, Ethel, 1956- |9 2958 | ||
| 942 | |c PI |h PI-22 |i PI0022 |6 PI_22_PI0022 | ||
| 999 | |c 13178 |d 13178 | ||
